Bundesstaaten der USA - Statistiken

Allgemein
  • Dieses Quiz wurde 106 mal gespielt
  • Das Durchschnittsergebnis liegt bei 35 aus 50
Antwortstatistiken
. Antwort % Korrekt
. New York
93%
. Washington
92%
. Kalifornien
91%
. Alabama
88%
. Alaska
88%
. Texas
88%
. Florida
83%
. North Dakota
83%
. South Dakota
83%
. Ohio
82%
. South Carolina
82%
. Nevada
81%
. North Carolina
81%
. Hawaii
80%
. New Mexico
80%
. Utah
80%
. Mississippi
78%
. Arizona
74%
. Arkansas
73%
. Georgia
73%
. Maine
73%
. Oregon
73%
. Wyoming
73%
. Colorado
72%
. Kansas
72%
. Michigan
71%
. Idaho
70%
. Illinois
70%
. Missouri
70%
. Nebraska
69%
. Indiana
68%
. Louisiana
67%
. Kentucky
66%
. Montana
66%
. New Hampshire
66%
. Wisconsin
66%
. Oklahoma
64%
. Tennessee
64%
. Vermont
64%
. Pennsylvania
62%
. Massachusetts
61%
. Delaware
60%
. Iowa
60%
. Maryland
60%
. Rhode Island
59%
. Minnesota
48%
. Virginia
47%
. West Virginia
44%
. Connecticut
33%
. New Jersey
33%
Keine übereinstimmenden Quizze gefunden
Verteilung der Resultate
Anzahl Personen mit jedem Resultat
Perzentil nach korrekt beantworteten Fragen
Ihre Resultats-Entwicklung
Sie haben dieses Quiz noch nicht gespielt